| 000 | 01579cam a2200217 4500500 | ||
|---|---|---|---|
| 005 | 20251228065537.0 | ||
| 041 | _afre | ||
| 042 | _adc | ||
| 100 | 1 | 0 |
_aFénérol, François-Xavier _eauthor |
| 245 | 0 | 0 | _aLa production de savoirs singuliers d’expérience : issue aux impasses normatives |
| 260 | _c2019. | ||
| 500 | _a98 | ||
| 520 | _aLa conception et l’organisation technologiques du travail social apparaissent de plus en plus manifestement inadaptées au travail éducatif et social ordinaire qui convient pour prendre en compte la réalité sociale et subjective des enfants, des adolescents et des adultes, ces familiers du pire de ce qui ne va pas que rencontrent quotidiennement les professionnels. Ce dont font symptôme désordres, violences et angoisses récurrentes, auxquels rien ne semble pouvoir faire remède. L’analyse de la pratique peut permettre d’en comprendre la logique, et de mettre en évidence comment les praticiens, par nécessité, inventent des façons de faire dont les conséquences prouvent leur pertinence. Démontrant ainsi l’existence d’une conception autre du travail social, structurée par la coopération et l’entraide. | ||
| 690 | _aanalyse de la pratique | ||
| 690 | _acoopération et entraide | ||
| 690 | _ainventions | ||
| 690 | _atechnologie sociale | ||
| 690 | _aTravail social ordinaire | ||
| 786 | 0 | _nVST - Vie sociale et traitements | 142 | 2 | 2019-04-09 | p. 16-23 | 0396-8669 | |
| 856 | 4 | 1 | _uhttps://shs.cairn.info/revue-vie-sociale-et-traitements-2019-2-page-16?lang=fr&redirect-ssocas=7080 |
| 999 |
_c1591736 _d1591736 |
||